000 00673cam a2200205 i 4500
999 _c57711
_d57711
001 20388850
005 20221108142440.0
008 180307s20182018nju 000 0 eng
020 _a9780691170701x
041 _aeng
080 _a94 R-79
100 1 _aRosenblatt, Helena
_d
_99574
245 1 4 _aThe lost history of liberalism :
_bfrom ancient Rome to the twenty-first century /
_cHelena Rosenblatt.
264 4 _c© 2018.
_aPrinceton :
_bPrinceton University Press,
300 _a348 pages ;
_c23 cm.
504 _aIncludes bibliographical references and index.
653 _aისტორია
653 _aლიბერალიზმი
942 _2udc
_cBK